zpět

Detail výsledku týmu

Dno pytle - Vinohrady, Praha

Datum a čas kvízu

18.5 Celkem bodů Celkový počet nahraných bodů na tomto kvízu bez doplňovacích otázek.
8. Pořadí na kvízu Konečné umístění týmu na tomto kvízu.

Zaznamenané odpovědi

# Otázka Odpověď Body Výsledky
1. Zástupci organizace Liga Libe... v roušce 0
2. V pondělí oslavil své 85. naro... dalajláma 1
3. Turecký prezident Recep Erdoğa... chrám Boží Moudrosti (Hagia Sofia) 1
4. Ve středu oslavil jeden význam... Ryanair 1
5. Hokejová NHL představila svůj... Toronto, Edmonton 0.5
6. Různé návykové látky jsou užív... pelyněk (pravý) 0
7. Tabákové listy obsahují návyko... viržinský 0
8. Vhodné kultivary konopí jsou p... pazdeří 0
9. Opium se získává z nezralých m... latex 0
10. Kokain je získáván z listů tro... D 0